00505nam a2200157Ia 4500008004100000020001400041082001400055100001700069245009200086250000700178260004000185300003200225500001900257600002100276650005000297240925s9999 xx 000 0 und d a965081915 a004.3 AXE aAxelson, Jan 0aParallel Port Complete: programming ,interfacing,& using the PC's parallel printer port aNA aMadison:bLakeview Researchc,2000. axxxviii,465p.bN.AfPirated aIncludes Index aComputer Science aComputer science, information & general works